000 00595nam a2200205Ia 4500
003 OSt
005 20250130111652.0
008 210210b1981 xxu||||| |||| 00| 0 eng d
040 _cAL
041 _aKannada
082 _aK894.1 VIRK
100 _aVIRANNA,Ed
_dವೀರಣ್ಣ
_9196209
245 _aKannada Pratibhatane Kavya
_bಕನ್ನಡ ಪ್ರತಿಭಟನೆ ಕಾವ್ಯ
260 _aBengaluru
_bKannada Sahitya Parishattu
_c1981
300 _a72,480
650 _aNagarajayya Hampa
_9196210
690 _aKannada Poetry
_9196211
906 _a041973
942 _2ddc
_cBK
999 _c91671
_d91671